000 00776nam a2200253Ia 4500
003 OSt
005 20220930093226.0
006 a|||||r|||| 00| 0
007 ta
008 220926b |||||||| |||| 00| 0 eng d
024 _a35387
037 _cTheses
040 _aCRL
_cCRL
_beng
041 _2eng
_aeng
100 _aVISWANATHAN Sushila Au.
_9551249
110 _aUniversity of Delhi. Music and Fine Arts. Music
_9551250
245 0 _aMusic as an Inevitable Part of Tamilian Culture.
260 _c2016
300 _a308p.
_ap.
_ccm.
700 _a Prof. P.B. Kanna Kumar Gu.
_9551251
700 _aUniversity of Delhi. Music and Fine Arts. Music
_9551252
942 _cDIS
_2CC
999 _c885039
_d885039